| 000 | 00797nab a2200241 4500 | ||
|---|---|---|---|
| 003 | BR-BrBNA | ||
| 005 | 20260420212136.0 | ||
| 008 | 260420b bl.||||| |||| 00| 0 por d | ||
| 040 |
_aBR-BrBNA _bpor |
||
| 072 |
_aU40 ; E14 _b4650 |
||
| 100 | _aMoitinho, Fábio | ||
| 245 |
_aOs caças da lavoura _bAgrotecnologia |
||
| 500 | _a3 illus. | ||
| 650 | _aINOVAÇÃO TECNOLÓGICA | ||
| 650 | _aEQUIPAMENTO | ||
| 650 | _aAEROFOTOGRAMETRIA | ||
| 650 | _aMAPEAMENTO | ||
| 650 | _aLEVANTAMENTO TOPOGRÁFICO | ||
| 650 | _aMONITORAMENTO AÉREO | ||
| 773 | 0 |
_01706 _9348159 _dSão Paulo-SP Editora Três Ltda - E-mail: luizfsa@revistadinheiro.com.br 2004 _o2025-0648 _tDinheiro Rural (Brazil) _x1807-3700 _gv. 12(134) p. 18-19; (Mar 2016) _wBR2026001011 |
|
| 942 | _cANA | ||
| 999 |
_c341480 _d341480 |
||